The expansion of range and population of the barn owl (Tyto alba javanica) in Peninsular Malaysia and in Sumatra and adjacent Islands : (Registro nro. 26592)

Detalles MARC
000 -ENCABEZADO
Número de control [NR] 01523nam a22003617i 4500
001 - NÚMERO DE CONTROL
control field B-12620
003 - IDENTIFICADOR DE CONTROL NÚMERO
control field CO-BoFNCP
007 - CAMPO DESCRIPCIÓN FÍSICA FIJA - INFORMACIÓN GENERAL
fixed length control field t||
008 - DE LONGITUD FIJA DE DATOS DE ELEMENTOS - INFORMACIÓN GENERAL
Elementos de longitud fija [NR] 091001s2008 my a f z eng d
040 ## - FUENTE DE CATALOGACION [NR]
Agencia de catalogación original [NR] CO-BoFNCP
Idioma de catalogación [NR] Español
Quien Cataloga CO-BoFNCP
Convenciones de la descripción [NR] rda
041 ## - CODIGO DE IDIOMA [R]
Código de idioma para texto/pista de sonido o título separado [R] Inglés
043 ## - CODIGO DE AREA GEOGRAFICA [NR]
Código de área geográfica [R] my
084 ## - OTRO NUMERO DE CLASIFICACION [R]
Número clasificador [R] A-
100 1# - ASIENTO PRINCIPAL--NOMBRE PERSONAL [NR]
Nombre personal [NR] Duckett, J.E
ID Autoridad 41397,
Término relacionador [R] autor.
Relator code aut
245 14 - MENCION DE TITULO [NR]
Título [NR] The expansion of range and population of the barn owl (Tyto alba javanica) in Peninsular Malaysia and in Sumatra and adjacent Islands :
Parte restante del título [NR] A review and update on the current situation.
264 #4 - PRODUCCIÓN, PUBLICACIÓN, DISTRIBUCIÓN, FABRICACIÓN Y COPYRIGHT
Fecha de producción, publicación, distribución, fabricación o copyright ©2008
300 ## - DESCRIPCION FISICA [R]
Extensión [R] páginas 799-807 :
Otros detalles físicos [NR] Tablas.
336 ## - TIPO DE CONTENIDO
Término de tipo de contenido texto
Código de tipo de contenido txt
Fuente rdacontent
337 ## - TIPO DE MEDIO
Nombre/término del tipo de medio sin mediación
Código del tipo de medio n
Fuente rdamedia
338 ## - TIPO DE SOPORTE
Nombre/término del tipo de soporte volumen
Código del tipo de soporte nc
Fuente rdacarrier
504 ## - NOTA DE BIBLIOGRAFIA, ETC. [R]
Nota de bibliografía, etc. [NR] Incluye referencias bibliográficas.
520 ## - NOTA DE RESUMEN, ETC. [R]
Nota de sumario, etc. [NR] Expansion in numbers and habitats of barn owl (Tyto alba javanica) has occurred in Peninsular Malaysia and in Sumatra and adjacent islands as a natural feature as a consequence of expansion of oil palm (Elaeis guineensis) plantations with year round fruiting and build up of large populations of rats. The barn owl found itsel filling an ecological niche as a predator of the rats.
650 #0 - ASIENTO SECUNDARIO DE MATERIA - TERMINO TEMATICO [R]
Término temático o nombre geográfico como elemento de entrada [NR] Depredación.
9 (RLIN) 8073
650 #0 - ASIENTO SECUNDARIO DE MATERIA - TERMINO TEMATICO [R]
Término temático o nombre geográfico como elemento de entrada [NR] Lechuza.
9 (RLIN) 14455
650 #0 - ASIENTO SECUNDARIO DE MATERIA - TERMINO TEMATICO [R]
Término temático o nombre geográfico como elemento de entrada [NR] Malaysia
9 (RLIN) 33575.
650 #0 - ASIENTO SECUNDARIO DE MATERIA - TERMINO TEMATICO [R]
Término temático o nombre geográfico como elemento de entrada [NR] Palma de aceite
9 (RLIN) 37678.
651 #0 - ASIENTO SECUNDARIO DE MATERIA - NOMBRE GEOGRAFICO [R]
9 (RLIN) 25763
Nombre geográfico [NR] Sumatra.
651 #0 - ASIENTO SECUNDARIO DE MATERIA - NOMBRE GEOGRAFICO [R]
Nombre geográfico [NR] Malaysia
9 (RLIN) 33575.
773 0# - ASIENTO DEL ITEM FUENTE [R]
Asiento principal [NR] The Planter (Malasia)
Información sobre la relación [R] v. 84, no. 993 (2008), p.799-807
Número de control del registro [R] A-
Número Internacional Normalizado para Publicaciones Seriadas - ISSN [NR] 0126-575x
942 ## - ELEMENTOS DE ENTRADA AGREGADOS (KOHA)
Sistema de clasificación Local
Tipo de ítem principal el descrito en 300a Artículo
999 ## - NÚMEROS DE SISTEMAS DE CONTROL (KOHA)
Koha biblionumber 26592
999 ## - NÚMEROS DE SISTEMAS DE CONTROL (KOHA)
Registro cosechable Si
Existencias
Estado de retiro (OPAC) Perdido Sistema de clasificación Dañado No prestable Ubicación habitual Ubicación actual Fecha de creación Volúmen / Fascículo Total préstamos Signatura topográfica Código de barras Última vez visto Ejemplar Price effective from Tipo de ítem
    Local     1 - CID Palmero Bogotá 1 - CID Palmero Bogotá 10/21/2013 The Planter (Malasia). v. 84, no. 993 (2008), p.799-807. ST-A-, ISSN: 0126-575x   A- R-12620 10/21/2013 Ej. 1 10/21/2013 Artículo